000 00448nam a2200181Ia 4500
001 2703
005 20260306144826.0
008 260306t2012||||xx |||||||||||||| ||spa||
041 _aESP
082 _a211.8
_bA94
100 _aAyllón, Jose Ramón
_eAUT
245 0 _aEl eclipse de Dios:
_bviejos náufragos y nuevos ateos
260 _c2012
300 _a157 páginas :
_c21 cm.
650 _aGEN
654 _aCHU
942 _cLIB
_dJUS
_fJUS
_2ddc
_n
999 _c2703
_d2703